Media writing : news for the mass media /

Bibliographic Details
Main Author: Newsom, Doug
Other Authors: Wollert, James A. (James Alvin), 1940-
Format: Book
Language:English
Published: Belmont, Calif. : Wadsworth Pub. Co., [1985]
Series:Wadsworth series in mass communication.
Subjects:

MARC

Tag First Indicator Second Indicator Subfields
LEADER 00000cam a2200000 a 4500
001 in00000016223
005 20151007052719.0
008 840605s1985 caua b 00110 eng
010 |a  84012027  
020 |a 0534039693 (pbk.) 
035 |a (OCoLC)10876958 
035 |9 AAA8909AM 
040 |a DLC  |c DLC  |d m/c  |d TXA  |d UtOrBLW 
049 |a TXAM  |c [A12608382] 
050 0 0 |a PN4781  |b .N344 1985 
082 0 |a 808/.06607  |2 19 
100 1 |a Newsom, Doug. 
245 1 0 |a Media writing :  |b news for the mass media /  |c Doug Newsom, James A. Wollert. 
264 1 |a Belmont, Calif. :  |b Wadsworth Pub. Co.,  |c [1985] 
264 4 |c ©1985 
300 |a xx, 437 pages :  |b illustrations ;  |c 24 cm. 
336 |a text  |b txt  |2 rdacontent 
337 |a unmediated  |b n  |2 rdamedia 
338 |a volume  |b nc  |2 rdacarrier 
490 1 |a Wadsworth series in mass communication 
504 |a Includes bibliographies and index. 
650 0 |a Journalism  |x Authorship. 
650 0 |a Reporters and reporting. 
700 1 |a Wollert, James A.  |q (James Alvin),  |d 1940- 
830 0 |a Wadsworth series in mass communication. 
999 |a MARS 
999 f f |s 089482d3-bd45-3ac5-8e3b-f44d4a76882a  |i c47cfef8-caaa-3776-a8c4-95a89146f839  |t 0 
952 f f |p ric  |a Texas A&M University  |b Rellis Campus  |c Joint Library Facility  |d Remote Storage  |t 0  |e PN4781 .N344 1985  |h Library of Congress classification  |i unmediated -- volume  |m A14812608382 
998 f f |a PN4781 .N344 1985  |t 0  |l Remote Storage